| 000 | 00827cab a2200289 4500 | ||
|---|---|---|---|
| 001 | ABS56982 | ||
| 008 | 090401t1997 xxu||||| |||| 00| 0 eng d | ||
| 035 | _a(Sirsi) u98369 | ||
| 041 | _aeng | ||
| 100 | _aLatham, B. | ||
| 245 | _aLandfill gas emissions to the air - a case for control? | ||
| 260 | _c1997 | ||
| 350 | _a0 | ||
| 490 |
_aEnvironmental Policy and Practice _v6(4) 1997, 144-145(2) |
||
| 520 | _aLooks at the issue of landfill gas emissions and whether more rigorous controls are needed. | ||
| 650 | _aAIR QUALITY | ||
| 650 | _aCONTROL SYSTEMS | ||
| 650 | _aEMISSIONS | ||
| 650 | _aGREENHOUSE GASES | ||
| 650 | _aLANDFILL GAS | ||
| 650 | _aLANDFILL SITES | ||
| 650 | _aMONITORING | ||
| 690 | _aENVIRONMENTAL AND LAND CONSULTANCY | ||
| 700 | _aCorker, P | ||
| 942 | _n0 | ||
| 948 | _c21/05/1997 | ||
| 999 |
_c59770 _d59770 |
||